000 00797nab a2200241 u 4500
001 07917
003 HDC
007 cr bn ---aaaaa
008 210129c mydr|nes 0 a may d
040 _aHDC
100 _aAmir Hisham Rasid
_eauthor
_98433
245 0 _aBoosting Johor biotech industry /
_cby Amir Hisham Rasid
260 _aKuala Lumpur :
_bNEW STRAITS TIMES,
_c2015
336 _atext
_2rdacontent
337 _acomputer
_2rdamedia
338 _aonline resource
_2rdacarrier
650 _aBiotech industry
_98452
650 _aEcosystems
_98451
856 _zRequest full-text at [email protected]
942 _2lcc
942 _cNEWS
942 _kNWSC 001250
999 _c5240
_d5240